000 00337nam a2200109Ia 4500
008 171204s9999 xx 000 0 und d
245 _aInternetworking with TCP/IP Volume One:
245 _cDouglas E. Comer
260 _c2013
650 _xADVANCED OPERATING SYSTEM AND NETWORKING
856 _uhttp://down.ebook777.com/021/B00EAZ5HSG.pdf
999 _c347096
_d347096